Journal of legal, ethical and regulatory issues

Detalles Bibliográficos
Formato: Seriadas
Lenguaje:inglés
Publicado: Cullowhee, NC : DreamCatchers Group , 2003-
Materias:
Acceso en línea:Acceso restringido

MARC

LEADER 00000nas a2200000 a 4500
005 20110922114915.0
007 cr |||||||||||
008 090604c20039999xxuf||||s ||| 0 ||eng||
022 |a 1544-0036 (versi ̤paper) 
035 |a 3135 
040 |d vLex 
043 |a n-us--- 
090 |c 2526  |d 2526 
245 0 0 |a Journal of legal, ethical and regulatory issues  |h [Recurso electrn̤ico] 
246 3 |a Journal of legal, ethical & regulatory issues 
256 |a Servicio en ln̕ea. 
260 |a Cullowhee, NC :  |b DreamCatchers Group ,  |c 2003- 
300 |a 1 recurso electrn̤ico 
310 |a Semestral  |b 2004- 
321 |a Anual  |b 2003 
362 0 |a Vol. 6, issue 2 (2003)- 
506 1 |a Contenido solo disponible en los productos indicados  |d vLex Global  |d vLex Global (Academic Edition, excluding Law Schools)  |d vLex Global (Academic Edition, Law Schools) 
650 0 4 |a Derecho  |z Estados Unidos de Amřica  |x Revistas 
740 0 |a vLex Revistas (Servicio en ln̕ea) 
856 4 0 |z Acceso restringido  |u http://vlex.com/source/legal-ethical-regulatory-issues-3135 
942 |c REV